[Event "12. Süder Sommerpokal"]
[Site "Recklinghausen"]
[Date "2001.08.05"]
[Round "2"]
[White "Steinhagen, Dietrich"]
[Black "Hoffmann, Mathias"]
[Result "1-0"]
[WhiteElo "1819"]
[BlackElo "1306"]
[PlyCount "99"]
[EventDate "2001.??.??"]

1. d4 Nf6 2. Nf3 g6 3. Bf4 Bg7 4. Nbd2 d6 5. h3 O-O 6. e4 c5 7. c3 Nh5 8. Be3
Qc7 9. Bc4 Nd7 10. O-O Nb6 11. Be2 Bd7 12. a4 cxd4 13. Nxd4 Nf6 14. a5 Nc8 15.
Nb5 Qd8 16. Qc2 Bc6 17. Nd4 d5 18. Nxc6 bxc6 19. Rfd1 Qc7 20. Bf3 Rb8 21. b4 e6
22. Rac1 Nd7 23. Nb3 Ne7 24. Nc5 Nxc5 25. Bxc5 Rfd8 26. Qe2 Rd7 27. Re1 g5 28.
Qe3 h6 29. Bxe7 Rxe7 30. exd5 cxd5 31. Bxd5 Rbe8 32. Bf3 f5 33. c4 e5 34. Bd5+
Kh7 35. Rb1 e4 36. Qd2 Be5 37. b5 Bh2+ 38. Kh1 Bf4 39. Qc3 e3 40. fxe3 Bxe3 41.
b6 axb6 42. axb6 Bxb6 43. Rxe7+ Rxe7 44. Qf6 Bc5 45. Qxf5+ Kg7 46. Rf1 Re2 47.
Be4 Kg8 48. Qg6+ Qg7 49. Qe8+ Bf8 50. Bd5+ 1-0

[Event "12. Süder Sommerpokal"]
[Site "Recklinghausen"]
[Date "2001.08.05"]
[Round "2"]
[White "Wolters, Gunnar"]
[Black "Verfürth, Christian"]
[Result "1/2-1/2"]
[WhiteElo "1432"]
[BlackElo "1807"]
[PlyCount "95"]
[EventDate "2001.??.??"]

1. e4 e6 2. d4 d5 3. exd5 exd5 4. Nf3 Bd6 5. Bd3 Bg4 6. Be3 Nc6 7. c3 Nge7 8.
Nbd2 Qd7 9. Qc2 O-O-O 10. O-O-O Kb8 11. Rde1 h6 12. h3 Be6 13. Nb3 b6 14. Kb1
f5 15. Rc1 f4 16. Bd2 g5 17. Nh2 h5 18. f3 Nf5 19. Nf1 Rhg8 20. Rg1 Qf7 21. Ka1
Rg7 22. Re1 Nce7 23. Bc1 Rdg8 24. Qe2 Bd7 25. c4 c6 26. c5 Bc7 27. Bd2 g4 28.
fxg4 hxg4 29. hxg4 Nh4 30. Nh2 Neg6 31. Qf2 Rf8 32. Rh1 Qf6 33. Nf3 Bd8 34.
Bxg6 Nxg6 35. Ne5 Nxe5 36. Rxe5 Bc7 37. Ree1 Rxg4 38. Rhg1 Rfg8 39. Ref1 Qg7
40. Nc1 Rf8 41. Nd3 Qf6 42. Re1 Re8 43. Rgf1 Rxe1+ 44. Rxe1 Qg5 45. Rg1 Qf5 46.
Ne1 Qh5 47. Nd3 Qf5 48. Ne1 1/2-1/2

[Event "12. Süder Sommerpokal"]
[Site "Recklinghausen"]
[Date "2001.08.05"]
[Round "2"]
[White "Meyer, Jürgen"]
[Black "Klees, Robert"]
[Result "1-0"]
[WhiteElo "1801"]
[BlackElo "1239"]
[PlyCount "53"]
[EventDate "2001.??.??"]

1. e4 e5 2. b3 Bc5 3. Ba3 Bb6 4. Bc4 Nf6 5. Qe2 d6 6. h3 O-O 7. Nc3 c6 8. Nf3
Re8 9. O-O-O Nh5 10. g3 Nf6 11. g4 a6 12. g5 Nh5 13. Nxe5 dxe5 14. Qxh5 g6 15.
Qf3 Be6 16. Bxe6 Rxe6 17. h4 Nd7 18. Qg3 f6 19. Rh2 Nc5 20. h5 Qf8 21. Bxc5
Bxc5 22. hxg6 hxg6 23. Rdh1 Qg7 24. Rh8+ Qxh8 25. Rxh8+ Kxh8 26. Qh3+ Kg7 27.
Qxe6 1-0

[Event "12. Süder Sommerpokal"]
[Site "Recklinghausen"]
[Date "2001.08.05"]
[Round "2"]
[White "Shalimov, Vitalij"]
[Black "Herud, Martin"]
[Result "1-0"]
[WhiteElo "1409"]
[BlackElo "1800"]
[PlyCount "102"]
[EventDate "2001.??.??"]

1. d4 Nf6 2. c4 e5 3. dxe5 Ng4 4. Nf3 Bc5 5. e3 Nc6 6. a3 a5 7. b3 Ngxe5 8.
Nxe5 Nxe5 9. Bb2 d6 10. Nd2 Bg4 11. Qc2 O-O 12. Qc3 f6 13. Ne4 Bb6 14. h3 Be6
15. Rd1 Qe7 16. a4 Rfd8 17. Ba3 Qf7 18. Ng3 Rd7 19. e4 Re7 20. Be2 Nd7 21. O-O
Nc5 22. Bh5 g6 23. Bf3 Bd7 24. Bb2 Rf8 25. Rfe1 Bc6 26. h4 h5 27. Re2 Re6 28.
Rde1 Rfe8 29. Qc2 Nd7 30. Ba3 Ne5 31. Rd1 Nxf3+ 32. gxf3 f5 33. Rde1 Qe7 34.
exf5 Rxe2 35. Rxe2 Qxh4 36. Rxe8+ Bxe8 37. Bb2 Qxg3+ 38. Kf1 Qh3+ 39. Ke2 Qxf5
40. Qc3 Qe5+ 41. Qxe5 dxe5 42. Bxe5 Kf7 43. Kd3 Ke6 44. Bg3 Bc6 45. f4 Kf5 46.
Kc3 Kg4 47. b4 axb4+ 48. Kxb4 h4 49. Bh2 Bxf2 50. f5 gxf5 51. Bxc7 Bg3 1-0

[Event "12. Süder Sommerpokal"]
[Site "Recklinghausen"]
[Date "2001.08.05"]
[Round "2"]
[White "Matrisch, Gerd"]
[Black "Klutschko, Oleg"]
[Result "1-0"]
[WhiteElo "1799"]
[BlackElo "1233"]
[PlyCount "53"]
[EventDate "2001.??.??"]

1. e4 e5 2. Bc4 Nf6 3. d4 Nc6 4. Nf3 d6 5. Ng5 Be6 6. d5 Nd4 7. dxe6 Nxe6 8.
Bxe6 fxe6 9. Nxe6 Qd7 10. Nxf8 Rxf8 11. Nc3 O-O-O 12. O-O h5 13. Bg5 g6 14. Nd5
Qe6 15. Bxf6 Rxf6 16. Nxf6 Qxf6 17. Qf3 Qg7 18. a4 Rf8 19. Qe3 b6 20. a5 Kd7
21. axb6 axb6 22. Ra7 Rb8 23. Rfa1 Ke6 24. Qc3 Rc8 25. Qh3+ Kf6 26. Qxc8 g5 27.
Qf5+ 1-0

[Event "12. Süder Sommerpokal"]
[Site "Recklinghausen"]
[Date "2001.08.05"]
[Round "2"]
[White "Nioduschewski, Nils"]
[Black "Otto, Michael"]
[Result "0-1"]
[WhiteElo "1212"]
[BlackElo "1796"]
[PlyCount "84"]
[EventDate "2001.??.??"]

1. d4 e6 2. Nf3 b6 3. Nc3 Bb7 4. Bf4 Nf6 5. e3 Be7 6. Be2 O-O 7. O-O d6 8. Qd3
Nh5 9. Ng5 Bxg5 10. Bxh5 Bxf4 11. exf4 d5 12. Bf3 Ba6 13. Qd2 Bxf1 14. Kxf1 Nd7
15. Ne2 Rc8 16. c3 c5 17. g3 Rc7 18. Kg2 Qf6 19. Rd1 Rfc8 20. h4 b5 21. Qd3 a6
22. Bg4 Qg6 23. Qf3 Qc2 24. Rc1 Qxb2 25. f5 exf5 26. Qxf5 Nf6 27. Bf3 cxd4 28.
Rb1 Qxa2 29. Nxd4 Ne4 30. Bxe4 dxe4 31. Qxe4 Rxc3 32. Re1 h6 33. Nf5 R3c7 34.
Ne7+ Rxe7 35. Qxe7 Qd5+ 36. Kf1 Qc6 37. Kg1 a5 38. Qe3 a4 39. Qd4 Qc4 40. Qe5
Qc5 41. Qf4 b4 42. Re5 Qc1+ 0-1

[Event "12. Süder Sommerpokal"]
[Site "Recklinghausen"]
[Date "2001.08.05"]
[Round "2"]
[White "Bömelburg, Jürgen"]
[Black "Kötz, Jan"]
[Result "1-0"]
[WhiteElo "1778"]
[BlackElo "1150"]
[PlyCount "53"]
[EventDate "2001.??.??"]

1. e4 c6 2. d4 d5 3. exd5 cxd5 4. c4 Nf6 5. Nc3 e6 6. Nf3 Bd6 7. c5 Bc7 8. b4
a5 9. b5 O-O 10. b6 Bxb6 11. cxb6 Qxb6 12. Rb1 Qc6 13. Nb5 Ne4 14. Ne5 Qe8 15.
Ba3 Bd7 16. Nc7 Qc8 17. Rc1 Nc6 18. Nxa8 Qxa8 19. Nxd7 Rc8 20. Nb6 Qb8 21. Nxc8
Qxc8 22. Bb5 Qc7 23. O-O g6 24. Qc2 Qb6 25. Bxc6 Kg7 26. Ba4 Qxd4 27. Bb2 1-0

[Event "12. Süder Sommerpokal"]
[Site "Recklinghausen"]
[Date "2001.08.05"]
[Round "2"]
[White "Selbach, Sascha"]
[Black "Hebestreit, Andreas"]
[Result "0-1"]
[WhiteElo "1199"]
[BlackElo "1776"]
[PlyCount "84"]
[EventDate "2001.??.??"]

1. Nf3 Nf6 2. g3 g6 3. Bg2 Bg7 4. c4 d6 5. d3 e5 6. Nbd2 Nc6 7. O-O O-O 8. b3
Nh5 9. Rb1 f5 10. Bb2 h6 11. Ne1 Qe7 12. Nc2 Kh7 13. Ne3 Nd8 14. Nd5 Qf7 15. e4
c6 16. Nc3 f4 17. Ba3 Qd7 18. b4 Nf7 19. b5 Ng5 20. bxc6 bxc6 21. Kh1 fxg3 22.
fxg3 Nh3 23. Qe2 Ba6 24. Bxh3 Qxh3 25. Qg2 Qe6 26. Rxf8 Rxf8 27. Rf1 Bc8 28.
Rxf8 Bxf8 29. Qf2 Bg7 30. Qxa7 Nxg3+ 31. Kg1 Nh5 32. Qf2 Nf4 33. Qg3 Qf6 34.
Nb3 Bh3 35. Nd2 h5 36. Nf3 Bh6 37. Bc1 Bg4 38. Ne1 Nh3+ 39. Kg2 Bxc1 40. Nf3
Bf4 41. Qe1 Bxf3+ 42. Kxh3 Qe6+ 0-1

[Event "12. Süder Sommerpokal"]
[Site "Recklinghausen"]
[Date "2001.08.05"]
[Round "2"]
[White "Krassontowitsch, Valentin"]
[Black "Deinert, Wolfgang"]
[Result "1/2-1/2"]
[WhiteElo "1020"]
[BlackElo "1771"]
[PlyCount "102"]
[EventDate "2001.??.??"]

1. e4 e6 2. d4 d5 3. exd5 exd5 4. Nf3 Nf6 5. Bd3 Bd6 6. O-O O-O 7. Bg5 Bg4 8.
Nc3 c6 9. h3 Bh5 10. Re1 Nbd7 11. Qe2 Re8 12. Qxe8+ Qxe8 13. Rxe8+ Rxe8 14. Nh4
Ne4 15. Nf5 Bb4 16. Nxe4 dxe4 17. Bc4 Nb6 18. Bb3 Nd5 19. c3 Ne7 20. Nxe7+ Bxe7
21. Bxe7 Rxe7 22. Re1 Kf8 23. g4 Bg6 24. Bc2 f5 25. gxf5 Bxf5 26. f3 Bxh3 27.
Rxe4 Rxe4 28. fxe4 Ke7 29. Kf2 g6 30. Kg3 Be6 31. a3 Kf6 32. Bd1 Kg5 33. Bf3 h5
34. d5 cxd5 35. exd5 h4+ 36. Kh2 Bd7 37. c4 Kf4 38. Bg2 b6 39. Bh3 b5 40. Bxd7
bxc4 41. Bb5 Ke5 42. Bxc4 g5 43. Kh3 Kd6 44. Kg4 Kc5 45. b3 a5 46. d6 Kxd6 47.
Kxg5 h3 48. Bf1 h2 49. Bg2 Ke5 50. Kg4 Kd4 51. Kh3 Kc3 1/2-1/2